| 000 | 00444nam a2200169Ia 4500 | ||
|---|---|---|---|
| 008 | 230917s9999||||xx |||||||||||||| ||und|| | ||
| 020 | _cRS 230.00 | ||
| 040 |
_e5011460 _aMAIN |
||
| 041 | _aEnglish | ||
| 082 | _a070.1 C349P | ||
| 100 | _aChakraborty, Abin | ||
| 245 | 0 | _aPopular culture | |
| 260 |
_aHyderabad _bOrient Blackswan _c2019 |
||
| 300 | _axiii, 185 p. | ||
| 500 | _a3959 08/01/2020 HBD20/8360 13/03/2020 Main Budget | ||
| 942 | _cBK | ||
| 999 |
_c1349 _d1349 |
||